000 00489nam a2200193 4500
999 _c2165
_d2165
003 OSt
005 20191003145028.0
008 150723b xxu||||| |||| 00| 0 eng d
020 _a0387984593
040 _c040a
082 _a515
_bWAL 1998
100 _aWalter, Wolfgang
_95554
245 _aOrdinary Differential Equations
260 _aNew York;
_bSpringer,
_c1998
300 _ax, 378p;
_bill :
_c10 cm
504 _aincludes index
650 _aEquations
_95555
942 _2ddc
_cSLOAN